Normal view
MARC view
- الفقه الاسلامي- اصول
Entry Topical Term
001 - CONTROL NUMBER
- control field: 43686
003 - CONTROL NUMBER IDENTIFIER
- control field: JO-AjAnu
005 - DATE AND TIME OF LATEST TRANSACTION
- control field: 20230606081234.0
008 - FIXED-LENGTH DATA ELEMENTS
- fixed length control field: 230606|| aca||aabn | a|a d
040 ## - CATALOGING SOURCE
- Original cataloging agency: JO-AjAnu
- Transcribing agency: JO-AjAnu
150 ## - HEADING--TOPICAL TERM
- Topical term or geographic name entry element: الفقه الاسلامي- اصول
670 ## - SOURCE DATA FOUND
- Source citation: Work cat.: (JO-AjAnu)22366: الشافعي، أبي سعيد خليل بن كيكلدي العلائي ؛ تحقيق ودراسة محمد بن عبد الغفار بن عبد الرحمن الشريف, author 43685, المجموع المذهب في قواعد المذهب، ج2